000 00224nam a22000977a 4500
005 20250901165807.0
008 250320b |||||||| |||| 00| 0 eng d
040 _cE
245 _aMAMBO KANGAJA
_cKULOBA, PATRICK
942 _2lcc
_cBK
999 _c9326
_d9326